000 00485nam a2200193Ia 4500
003 LK-CoDNM
008 010623t2005 xxu||||| |||| 00| 1 sin d
040 _aLK-CoDNM
_dLK-CoDNM
_eLK-CoDNM
041 _asin
080 _a23KRO
100 _aKroll,Woodrov
245 _aහිතෝපදේශ
246 _aHithopadesa
260 _bLanka Bible Vidyalaya
_aColombo
_c2005
300 _b125P., 21 cm
650 _aChristianity
700 _aPranandu,Hilary
_etr..
942 _cBK
999 _c125331
_d125331